Lựa chọn các bài tập nhằm nâng cao thể lực chuyên môn của môn chạy 100m cho sinh viên nam chuyên sâu điền kinh khóa 2009 trường Đại học Đồng Tháp Luận văn thạc sĩ giáo dục học. Chuyên ngành: Giáo dục thể chất

Gorde:
Xehetasun bibliografikoak
Egile nagusia: Trần, Anh Hào
Beste egile batzuk: Đỗ, Vĩnh
Formatua: Luận văn Kit Liburua
Hizkuntza:Vietnamese
Argitaratua: TPHCM ĐHSP thể dục thể thao TPHCM 2011
Gaiak:
Etiketak: Etiketa erantsi
Etiketarik gabe, Izan zaitez lehena erregistro honi etiketa jartzen!
Thư viện lưu trữ: Trung tâm Học liệu Lê Vũ Hùng, Trường Đại học Đồng Tháp
LEADER 01289ppm a22002898a 4500
001 00029994
005 20171026081023.0
008 121206s2011 ||||||viesd
041 0 # |a vie 
082 1 4 |b L551CH  |a 796.076 
100 1 # |a Trần, Anh Hào 
245 0 0 |a Lựa chọn các bài tập nhằm nâng cao thể lực chuyên môn của môn chạy 100m cho sinh viên nam chuyên sâu điền kinh khóa 2009 trường Đại học Đồng Tháp  |b Luận văn thạc sĩ giáo dục học. Chuyên ngành: Giáo dục thể chất  |c Trần Anh Hào; Đỗ Vĩnh (hướng dẫn) 
260 # # |a TPHCM  |b ĐHSP thể dục thể thao TPHCM  |c 2011 
300 # # |a 56 tr.  |c 30 cm.  |e 1 bản tóm tắt 
500 # # |a ĐTTS ghi: Học viện thể thao Thượng Hải. Trường ĐHSP thể dục thể thao TPHCM 
653 # # |a Bài tập 
653 # # |a Đại học Đồng Tháp 
653 # # |a Điền kinh 
653 # # |a Luận văn 
700 1 # |a Đỗ, Vĩnh  |e Hướng dẫn 
852 # # |j LV.0000223 
852 # # |b Kho đọc SĐH  |j LV.0000223 
910 |d 06/12/2012 
980 # # |a Trung tâm Học liệu Lê Vũ Hùng, Trường Đại học Đồng Tháp